[Event "BAN-chT SAIF POWERTEC 2020"]
[Site "Dhaka"]
[Date "2021.03.29"]
[Round "11.10"]
[White "Zia, Tahsin Tajwar"]
[Black "Neelotpal, Das"]
[Result "0-1"]
[WhiteElo "2092"]
[BlackElo "2425"]
[Annotator "NA"]
[PlyCount "92"]
[EventDate "2021.03.19"]
[EventType "team-tourn"]
[EventCountry "BAN"]
[SourceTitle "playchess.com"]
[Source "ChessBase"]
[SourceQuality "1"]
[TimeControl "5400+30"]

1. d4 {[%emt 0:00:00]} Nf6 {[%emt 0:00:00]} 2. Bf4 {[%emt 0:00:00]} d5 {[%emt 0:00:00]} 3. e3 {[%emt 0:00:02]} e6 {[%emt 0:00:00]} 4. Nd2 {[%emt 0:00:21]} Bd6 {[%emt 0:00:05]} 5. Bg3 {[%emt 0:00:18]} O-O {[%emt 0:00:07]} 6. Ngf3 {[%emt 0:00:28]} c5 {[%emt 0:00:04]} 7. c3 {[%emt 0:01:54]} Qc7 {[%emt 0:00:08]} 8. Bd3 {[%emt 0:00:24] 8.dxc5 deserves study.} Nbd7 {[%emt 0:00:11]} 9. O-O {[%emt 0:00:07]} Bxg3 {[%emt 0:01:45]} 10. hxg3 {[%emt 0:00:06]} b6 {[%emt 0:00:02]} 11. Rc1 {[%emt 0:03:54]} Bb7 {[%emt 0:01:48]} 12. c4 {[%emt 0:00:29] [#]} Rac8 $146 {[%emt 0:05:32]} ({Predecessor:} 12... dxc4 13. Nxc4 Rad8 14. Qe2 Qb8 15. Rfd1 h6 16. a3 cxd4 17. Nxd4 Nc5 18. Bb1 Rd7 {0-1 (74) Norowitz,Y (2420)-Svane,R (2613) Chess.com INT 2021}) 13. cxd5 {[%emt 0:06:52]} exd5 {[%emt 0:00:46]} 14. dxc5 {[%emt 0:35:24]} bxc5 {[%emt 0:00:37]} 15. Qa4 {[%emt 0:00:09]} Qb6 {[%emt 0:07:14]} 16. Qh4 {[%emt 0:03:19]} Rfe8 {[%emt 0:03:31]} ({Avoid the trap} 16... Qxb2 $2 17. Rb1 $18) 17. Rfd1 {[%emt 0:06:58]} Nf8 {[%emt 0:11:51]} ({Don't go for} 17... Qxb2 $2 18. Rb1 $18) 18. Bf5 {[%emt 0:04:17]} Rb8 {[%emt 0:07:50]} 19. Qa4 {[%emt 0:03:03]} g6 {[%emt 0:02:12]} 20. Bb1 {[%emt 0:03:19]} N8d7 {[%emt 0:05:19]} ({Much worse is} 20... Qxb2 $6 21. Nb3 $14) 21. b3 {[%emt 0:02:28]} a5 {[%emt 0:03:17]} 22. Qh4 {[%emt 0:03:19]} Qb4 {[%emt 0:05:40]} 23. Qh6 {[%emt 0:04:18]} Ba6 {[%emt 0:02:02]} 24. Ng5 $2 {[%emt 0:01:55]} (24. e4 $11 {and White has nothing to worry.}) 24... Be2 {[%emt 0:06:18]} 25. a3 {[%emt 0:04:24]} Qxa3 {[%emt 0:00:15]} 26. Re1 {[%emt 0:00:05]} Ba6 {[%emt 0:09:01]} 27. e4 {[%emt 0:05:53]} Qb4 {[%emt 0:00:23]} 28. Rcd1 {[%emt 0:00:55]} Nf8 {[%emt 0:01:09]} 29. f3 {[%emt 0:01:21]} c4 {[%emt 0:11:51]} 30. e5 {[%emt 0:01:48]} Nh5 {[%emt 0:06:43]} 31. e6 {[%emt 0:02:32]} f5 {[%emt 0:00:59]} 32. Nxh7 {[%emt 0:03:38]} Qb6+ {[%emt 0:02:41]} ({Wrong is} 32... cxb3 $2 33. Nxf8 Rxf8 34. e7 $18 (34. Qxg6+ Ng7 $18)) 33. Kh2 $11 {[%emt 0:01:01]} Rxe6 {[%emt 0:03:04]} 34. Bxf5 {[%emt 0:01:14]} gxf5 {[%emt 0:01:40]} 35. Rxe6 {[%emt 0:00:32]} Qxe6 {[%emt 0:00:12]} 36. Qxh5 {[%emt 0:00:38]} Nxh7 {[%emt 0:00:06]} 37. f4 {[%emt 0:00:30]} Kg7 {[%emt 0:00:39]} 38. Nf3 {[%emt 0:00:23]} Qh6 {[%emt 0:02:17]} 39. Qxh6+ {[%emt 0:00:08]} Kxh6 {[%emt 0:00:04]} 40. Rxd5 {[%emt 0:00:06]} cxb3 {[%emt 0:00:59]} 41. Rd6+ {[%emt 0:00:13]} Kg7 {[%emt 0:00:48]} 42. Rxa6 {[%emt 0:01:38]} b2 {[%emt 0:00:05]} 43. Ra7+ {[%emt 0:00:16]} Kg8 {[%emt 0:00:44]} 44. Nd2 {[%emt 0:00:11]} Rd8 {[%emt 0:00:11]} 45. Nb1 {[%emt 0:00:32]} Rd1 {[%emt 0:01:07]} 46. Na3 {[%emt 0:00:58]} Nf6 {[%emt 0:00:23]} 0-1

[Event "BAN-chT SAIF POWERTEC 2020"]
[Site "Dhaka"]
[Date "2021.03.29"]
[Round "11.11"]
[White "Hossain, Enamul"]
[Black "Mitrabha, Guha"]
[Result "0-1"]
[WhiteElo "2426"]
[BlackElo "2445"]
[Annotator "NA"]
[PlyCount "64"]
[EventDate "2021.03.19"]
[EventType "team-tourn"]
[EventCountry "BAN"]
[SourceTitle "playchess.com"]
[Source "ChessBase"]
[SourceQuality "1"]
[TimeControl "5400+30"]

{[%evp 12,61,45,41,32767,32767,32767,32767,32767,32767,44,43,103,120,32767,32767,32767,15,25,27,29,18,33,13,15,11,16,10,66,0,33,2,50,38,52,47,46,56,47,39,40,35,34,0,25,-13,0,-91,-87,-216,-260,-385]} 1. e4 {[%emt 1:30:30]} e6 {[%emt 1:30:30]} 2. d4 {[%emt 0:00:30]} d5 {[%emt 0:00:30]} 3. Nc3 {[%emt 0:00:30]} Bb4 {[%emt 0:00:30]} 4. e5 {[%emt 0:00:30]} b6 {[%emt 0:00:30]} 5. h4 {[%emt 0:00:30]} Qd7 {[%emt 0:00:30]} 6. h5 {[%emt 0:00:30]} Ba6 {[%emt 0:00:30]} 7. Bxa6 {[%emt 0:00:30]} Nxa6 {[%emt 0:00:30]} 8. Qd3 {[%emt 0:00:30]} Nb8 {[%emt 0:00:30]} 9. Nge2 {[%emt 0:00:30]} Nc6 {[%emt 0:00:30]} 10. Bd2 {[%emt 0:00:30]} O-O-O {[%emt 0:00:30]} 11. a3 {[%emt 0:00:30]} Bxc3 {[%emt 0:00:30]} 12. Bxc3 {[%emt 0:00:30]} ({Reject} 12. Nxc3 $6 f6 $11) 12... f6 {[%emt 0:00:30]} 13. f4 {[%emt 0:00:30]} Nh6 {[%emt 0:00:30]} 14. O-O-O {[%emt 0:00:30]} Kb7 {[%emt 0:00:30]} 15. Kb1 {[%emt 0:00:30]} f5 {[%emt 0:00:30]} 16. Ng1 {[%emt 0:00:30]} a5 {[%emt 0:00:30]} 17. Nf3 {[%emt 0:00:30]} Rdg8 {[%emt 0:00:30]} 18. Be1 {[%emt 0:00:30]} Ng4 {[%emt 0:00:30]} 19. Bh4 {[%emt 0:00:30]} Qe8 {[%emt 0:00:30]} ({Black should play} 19... Rc8 $11) 20. c4 {[%emt 0:00:30]} dxc4 {[%emt 0:00:30]} 21. Qd2 {[%emt 0:00:30]} h6 {[%emt 0:00:30]} 22. Rc1 {[%emt 0:00:30]} Qd7 {[%emt 0:00:30]} 23. Rxc4 {[%emt 0:00:30]} Rc8 {[%emt 0:00:30]} 24. Rhc1 {[%emt 0:00:30]} Na7 {[%emt 0:00:30]} 25. Ka1 {[%emt 0:00:30]} c6 {[%emt 0:00:30]} 26. Qd3 {[%emt 0:00:30]} Rc7 {[%emt 0:00:30]} 27. R4c2 {[%emt 0:00:30]} Qd5 {[%emt 0:00:30]} 28. a4 {[%emt 0:00:30]} c5 {[%emt 0:00:30]} 29. Be1 {[%emt 0:00:30] [#]} (29. Rc4 $11) 29... Rhc8 $1 {[%emt 0:00:30]} 30. Rc4 $2 {[%emt 0:00:30]} (30. Rd2 $15) 30... Nc6 $19 {[%emt 0:00:30]} 31. Bc3 {[%emt 0:00:30]} (31. R1c3 $142 Nb4 32. Qe2) 31... Ne3 {[%emt 0:00:30]} 32. Nd2 {[%emt 0:00:30]} cxd4 {[%emt 0:00:30]} 0-1

[Event "BAN-chT SAIF POWERTEC 2020"]
[Site "Dhaka"]
[Date "2021.03.29"]
[Round "11.12"]
[White "Koustav Chatterjee"]
[Black "Rahman, Taibur"]
[Result "1-0"]
[WhiteElo "2431"]
[BlackElo "2215"]
[Annotator "NA"]
[PlyCount "59"]
[EventDate "2021.03.19"]
[EventType "team-tourn"]
[EventCountry "BAN"]
[SourceTitle "playchess.com"]
[Source "ChessBase"]
[SourceQuality "1"]
[TimeControl "5400+30"]

{[%evp 17,40,67,75,81,70,68,80,71,71,57,116,104,112,106,164,142,170,169,160,109,32767,161,392,161,392]} 1. d4 {[%emt 1:30:30]} d5 {[%emt 1:30:30]} 2. c4 {[%emt 0:00:30]} e6 {[%emt 0:00:30]} 3. Nf3 {[%emt 0:00:30]} c5 {[%emt 0:00:30]} 4. cxd5 {[%emt 0:00:30]} exd5 {[%emt 0:00:30]} 5. g3 {[%emt 0:00:30]} Nc6 {[%emt 0:00:30]} 6. Bg2 {[%emt 0:00:30]} cxd4 {[%emt 0:00:30]} 7. Nxd4 {[%emt 0:00:30]} Bc5 {[%emt 0:00:30]} 8. Nxc6 {[%emt 0:00:30]} bxc6 {[%emt 0:00:30]} 9. Qc2 {[%emt 0:00:30]} Qb6 {[%emt 0:00:30]} 10. O-O {[%emt 0:00:30]} Ne7 {[%emt 0:00:30]} 11. Nc3 {[%emt 0:00:30]} Bd4 {[%emt 0:00:30]} 12. Na4 {[%emt 0:00:30]} Qb5 {[%emt 0:00:30]} 13. Rd1 {[%emt 0:00:30]} Bb6 {[%emt 0:00:30]} 14. Bg5 {[%emt 0:00:30]} f6 {[%emt 0:00:30]} 15. Bf4 {[%emt 0:00:30]} O-O {[%emt 0:00:30]} (15... Qc4 $16 16. Qxc4 dxc4) 16. Nxb6 {[%emt 0:00:30]} axb6 {[%emt 0:00:30]} 17. Bd6 {[%emt 0:00:30]} Ra7 {[%emt 0:00:30]} 18. Rac1 {[%emt 0:00:30]} Bf5 {[%emt 0:00:30]} 19. e4 {[%emt 0:00:30]} Bg4 $2 {[%emt 0:00:30]} (19... Bxe4 $16 {is a better defense.} 20. Bxe4 dxe4 21. Qxe4 Kf7) 20. Rd2 {[%emt 0:00:30]} (20. f3 $142) 20... Be6 $18 {[%emt 0:00:30]} (20... c5 $16 21. exd5 Rd8) 21. Bf1 {[%emt 0:00:30]} Qa5 {[%emt 0:00:30]} 22. b4 {[%emt 0:00:30]} Qa3 {[%emt 0:00:30]} 23. Rd3 {[%emt 0:00:30]} Qa6 {[%emt 0:00:30]} 24. exd5 {[%emt 0:00:30]} Bf5 {[%emt 0:00:30]} 25. dxc6 {[%emt 0:00:30]} Qc8 {[%emt 0:00:30]} 26. c7 {[%emt 0:00:30]} Re8 {[%emt 0:00:30]} 27. Bxe7 {[%emt 0:00:30]} Bxd3 {[%emt 0:00:30]} 28. Bxd3 {[%emt 0:00:30]} Rxe7 {[%emt 0:00:30]} 29. Bf5 {[%emt 0:00:30]} Raxc7 {[%emt 0:00:30]} 30. Bxc8 {[%emt 0:00:30]} 1-0